00489nam a2200193 a 4500001001300000003000900013005001700022008004100039020002300080082001500103100001400118245004400132260002700176300000900203500003500212505001700247650001700264700001400281nice12345678IN_TiNIC20260116015357.0110421s2010 nj,a grp 000 0 eng  a9781597842129c63000a297.5bUNA aUnal, Ali aLiving the Ethics and Morality of Islam aNJ, USA bLight c2010 a227p aincludes index and biblioraphy2 anotes, index aIslam-Ethics1 aUnal, Ali